Sports Quiz

Random Sports or College Quiz

NFL Players - Michigan Quiz Stats

 Plays Quiz not verified by Sporcle

Challenge
Share
Tweet
Embed
Score 0/26 Timer 05:00
0 Plays Today
Team/Position Player Name % Correct
Patriots-QBTom Brady
92.7%
Jaguars-QBChad Henne
89%
Eagles-WRJason Avant
78%
Dolphins-OTJake Long
75.6%
Packers-SCharles Woodson
74.4%
Jets-WRBraylon Edwards
70.7%
Steelers-LBLaMaar Woodley
67.1%
49ers-WRMario Manningham
65.9%
Jets-LBDavid Harris
62.2%
Patriots-PZoltan Mesko
57.3%
Chiefs-WRSteve Breaston
56.1%
Lions-OTJeff Backus
53.7%
Bengals-CBLeon Hall
51.2%
Team/Position Player Name % Correct
Cardinals-KJay Feely
45.1%
Eagles-DEBrandon Graham
45.1%
Giants-SStevie Brown
42.7%
Giants-CDavid Baas
41.5%
Titans-OGSteve Hutchinson
39%
Steelers-LBLarry Foote
36.6%
Seahawks-DTAlan Branch
35.4%
Titants-DTMike Martin
31.7%
Chargers-CDavid Molk
23.2%
Chargers-LBJonas Mouton
13.4%
49ers-CJonathan Goodwin
11%
Chargers-OTStephen Schilling
11%
Texans-DETim Jamison
7.3%

You're not logged in!

Compare scores with friends on all Sporcle quizzes.
Join for Free
OR
Log In

You Might Also Like...

Show Comments

Extras

Top Quizzes Today


Score Distribution

Your Account Isn't Verified!

In order to create a playlist on Sporcle, you need to verify the email address you used during registration. Go to your Sporcle Settings to finish the process.

Report this User

Report this user for behavior that violates our Community Guidelines.

Details: